[Event "Stuttgart-chA int"]
[Site "Ditzingen"]
[Date "2018.05.12"]
[Round "5"]
[White "Schiegg, Peter"]
[Black "Schwab, Matthias"]
[Result "0-1"]
[WhiteElo "1975"]
[BlackElo "2117"]
[PlyCount "64"]
[EventDate "2018.05.10"]
[EventType "swiss"]
[EventRounds "7"]
[EventCountry "GER"]
[SourceTitle "EXT 2020"]
[Source "ChessBase"]
[SourceDate "2019.10.17"]
[SourceVersion "1"]
[SourceVersionDate "2019.10.17"]
[SourceQuality "1"]

1. d4 Nf6 2. Nf3 d5 3. e3 e6 4. Bd3 c5 5. b3 cxd4 6. exd4 Be7 7. 0-0 0-0 8. Bb2 b6 9. Ne5 Qc7 10. c3 Ba6 11. Qe2 Bxd3 12. Qxd3 Nbd7 13. f4 Ne4 14. Nd2 f5 15. Rac1 Nxe5 16. fxe5 Bg5 17. Rc2 Bxd2 18. Rxd2 Nxd2 19. Qxd2 Rf7 20. Ba3 Qb7 21. Bd6 Rc8 22. Qd3 Rc6 23. Rc1 Rd7 24. Qb5 Rd8 25. c4 Qd7 26. Qa6 Rdc8 27. a4 Qd8 28. Rc3 Qh4 29. Rg3 f4 30. Rf3 Qe1+ 31. Rf1 Qe3+ 32. Kh1 dxc4 0-1

[Event "Bad Woerishofen op 30th"]
[Site "Bad Woerishofen"]
[Date "2014.03.23"]
[Round "7"]
[White "Kozlov, Alexander"]
[Black "Schiegg, Peter"]
[Result "1/2-1/2"]
[WhiteElo "2166"]
[BlackElo "2019"]
[PlyCount "71"]
[EventDate "2014.03.21"]
[EventType "swiss"]
[EventRounds "9"]
[EventCountry "GER"]
[SourceTitle "CBM 159 Extra"]
[Source "ChessBase"]
[SourceDate "2014.04.24"]
[SourceVersion "1"]
[SourceVersionDate "2014.04.24"]
[SourceQuality "1"]

1. d4 Nf6 2. c4 d6 3. Nf3 g6 4. g3 Bg7 5. Bg2 Nbd7 6. Nc3 c5 7. d5 0-0 8. 0-0 Nb6 9. Qd3 Bd7 10. h3 Rb8 11. a4 Na8 12. e4 Nc7 13. Bd2 a5 14. Nb5 Nfe8 15. Bxa5 Bxb2 16. Ra2 Bg7 17. Nxc7 Nxc7 18. Rb1 Qc8 19. Kh2 Ra8 20. Qd2 Ra6 21. Rb6 Na8 22. Rxa6 bxa6 23. Bc3 Qc7 24. Bxg7 Kxg7 25. a5 Rb8 26. Qc3+ f6 27. Nd2 Rb4 28. Qc2 Qb8 29. h4 Nc7 30. Bh3 Bxh3 31. Kxh3 Ne8 32. Kg2 Kf7 33. Qc3 Ng7 34. Ra3 Qc7 35. Qc2 Qd7 36. Ra2 1/2-1/2